000 00347cam a2200133ua 4500
003 OSt
008 221123b |||||||| |||| 00| 0 eng d
041 _aeng
082 _a825
_bPUB/JA
245 0 0 _aJawaharlal Nehru`s Speeches Sept-1957-April 1963 /
260 _aIndia :
_bMinistry of I&B, Govt. of India ,
_c1963.
300 _a461 ; .
942 _cBK
999 _c815
_d815